书目信息 |
| 题名: |
塞缪尔·约翰逊
|
|
| 作者: | 克林汉姆 编 | |
| 分册: | ||
| 出版信息: | 上海 上海外语教育出版社 2000.12 |
|
| 页数: | 266页 | |
| 开本: | 20cm | |
| 丛书名: | 剑桥文学指南 | |
| 单 册: | ||
| 中图分类: | I , I561.064 , H31:I561.064 | |
| 科图分类: | ||
| 主题词: | 英语 | |
| 电子资源: | ||
| ISBN: | 7-81046-986-X | |
| 000 | 00700nam0 2200241 45 | |
| 001 | 0359797950 | |
| 005 | 20120419120532.67 | |
| 010 | @a7-81046-986-X@d18.20RMB | |
| 100 | @a20030626d2000 km y0chiy0120 ea | |
| 101 | 0 | @achi |
| 200 | 1 | @a塞缪尔·约翰逊@Asai miao er·yue han xun@d=SAMUEL JOHNSON@f(英)克林汉姆编@F(Ying)Ke Lin Han Mu Bian |
| 210 | @a上海@c上海外语教育出版社@d2000.12 | |
| 215 | @a266页@d20cm | |
| 225 | 2 | @a剑桥文学指南 |
| 410 | 0 | @12001 @a剑桥文学指南 |
| 510 | @a=SAMUEL JOHNSON | |
| 606 | 0 | @a英语 |
| 690 | @aI@v4 | |
| 690 | @aI561.064@v3 | |
| 690 | @aH31:I561.064@v4 | |
| 701 | 0 | @a克林汉姆@AKe Lin Han Mu@4编 |
| 801 | 0 | @aCN@bPFT@c20120419 |
| 905 | @a@dH31:I561.064@eK652 | |
| 塞缪尔·约翰逊=SAMUEL JOHNSON/(英)克林汉姆编.-上海:上海外语教育出版社,2000.12 |
| 266页;20cm.-(剑桥文学指南) |
| ←并列题名:=SAMUEL JOHNSON |
| ISBN 7-81046-986-X:18.20RMB |
| ● |
| 相关链接 |
|
|
|
正题名:塞缪尔·约翰逊
索取号:H31:I561.064/K652
 
预约/预借
| 序号 | 登录号 | 条形码 | 馆藏地/架位号 | 状态 | 备注 |
| 1 | 371476 | 203714766 | 语言库209/209语言库 92排2列4层/ [索取号:H31:I561.064/K652] | 在馆 | |
| 2 | 371477 | 203714775 | 语言库209/209语言库 92排2列4层/ [索取号:H31:I561.064/K652] | 在馆 |